000 00427nam a2200181Ia 4500
001 9757
005 20260306161741.0
008 260306t2002||||xx |||||||||||||| ||spa||
041 _aESP
082 _a411
_bG96
100 _aSerrano Serrano, Joaquín
_eAUT
245 0 _aGuía práctica de redacción
260 _c2002
300 _a175 páginas :
_c21 cm.
650 _aGEN
654 _aCHU
942 _cLIB
_dJUS
_fJUS
_2ddc
_n
999 _c9757
_d9757